Tractors and agricultural machinery (Record no. 13688)
[ view plain ]
| 000 -LEADER | |
|---|---|
| fixed length control field | 01191nam a22001937a 4500 |
| 003 - CONTROL NUMBER IDENTIFIER | |
| control field | OSt |
| 008 - FIXED-LENGTH DATA ELEMENTS--GENERAL INFORMATION | |
| fixed length control field | 220125b ||||| |||| 00| 0 eng d |
| 020 ## - INTERNATIONAL STANDARD BOOK NUMBER | |
| ISBN | 9789380235608 |
| 082 ## - DEWEY DECIMAL CLASSIFICATION NUMBER | |
| Classification number | 631.3 |
| Item number | SRI/TR |
| 100 ## - MAIN ENTRY--AUTHOR NAME | |
| Personal name | Srinivasan, K |
| 245 ## - TITLE STATEMENT | |
| Title | Tractors and agricultural machinery |
| 260 ## - PUBLICATION, DISTRIBUTION, ETC. (IMPRINT) | |
| Place of publication | New Delhi |
| Name of publisher | New India Publishing Agency |
| Year of publication | 2011 |
| 300 ## - PHYSICAL DESCRIPTION | |
| Number of Pages | 210 |
| 505 ## - FORMATTED CONTENTS NOTE | |
| Formatted contents note | Section-1: Tractors Chapter 1: Introduction Chapter 2: Engine and associated systems Chapter 3: Transmission Chapter 4: Hydraulics Chapter 5: Instruments and controls Chapter 6: Electricals Section-2: Agricultural Machinery Chapter 1: Introduction Chapter 2: Land preparation Chapter 3: Sowing and planting equipments Chapter 4: Weeding and Intercultivation Chapter 5: Spraying equipments Chapter 6: Harvest Chapter 7: Threshing Chapter 8: Post harvest agro processing Chapter 9: Special tools and equipments for horticulturalcrops..... Chapter 10: Miscellaneous equipments and machineries Chapter 11: Water lifting devices Chapter 12: Calibration of seed drills Chapter 13: Maintenance |
| 700 ## - ADDED ENTRY--PERSONAL NAME | |
| Personal name | Narayanan, V.V |
| 700 ## - ADDED ENTRY--PERSONAL NAME | |
| Personal name | Sanjeev Kumar Singh |
| 700 ## - ADDED ENTRY--PERSONAL NAME | |
| Personal name | Gethha Lakshmi |
| 942 ## - ADDED ENTRY ELEMENTS (KOHA) | |
| Koha item type | Books |
| Withdrawn status | Lost status | Damaged status | Collection code | Home library | Current library | Shelving location | Date acquired | Source of acquisition | Cost, normal purchase price | Full call number | Accession Number | Koha item type |
|---|---|---|---|---|---|---|---|---|---|---|---|---|
| Non-fiction | KAUAET | KAUAET | General Stacks | 31/03/2012 | Southern Book Star | 695.00 | 631.3 SRI/TR | 23397 | Books | |||
| Non-fiction | KAUAET | KAUAET | General Stacks | 31/03/2012 | Southern Book Star | 695.00 | 631.3 SRI/TR | 23398 | Books | |||
| Non-fiction | KAUAET | KAUAET | General Stacks | 31/03/2012 | International Books & Periodicals Supply Service, Delhi | 695.00 | 631.3 SRI/TR | 23018 | Books | |||
| Non-fiction | KAUAET | KAUAET | General Stacks | 17/05/2019 | 1995.00 | 631.3 SRI/TR | 25774 | Books | ||||
| KAUAET | KAUAET | 04/10/2019 | 631.3 SRI/TR | 23961 | Books | |||||||
| KAUAET | KAUAET | 13/11/2019 | 631.3 SRI/TR | 23924 | Books | |||||||
| KAUAET | KAUAET | General Stacks | 23/11/2021 | 631.3 SRI/TR | 23960 | Books | ||||||
| KAUAET | KAUAET | General Stacks | 23/11/2021 | 631.3 SRI/TR | 23962 | Books |
